Prelietavé hniezda prevrátených hodnôt sarkastická kniha Petra Juščáka o ...

Bibliographic Details
Main Author: kach (Author)
Format: Article
Language:Slovak
PhysicalDescription:Fotogr., obr.
ISSN:1335-4698
Subjects:

MARC

LEADER 00000nab a2200000 a 4500
001 vtls000713088
003 SK-MaSNL
005 20260302194129.0
008 160314c2000 xo 0 slo
015 |a SNBRB2000/02-04370 
035 |a CLN000065255 
040 |a SNKBUCL  |b slo  |c SNKBUCL  |e AACR2 
041 0 |a slo 
044 |a xo  |c SK 
080 |a 82.09:885.4-3(048)  |2 UDC-MRF-SK2 
080 |a 885.4-3(048)  |2 UDC-MRF-SK2 
100 0 |a kach  |4 aut  |9 912467 
245 1 0 |a Prelietavé hniezda prevrátených hodnôt  |b sarkastická kniha Petra Juščáka o ...  |c [autor] kach 
300 |b Fotogr., obr. 
650 0 7 |a novely spoločenské slovenské  |x recenzie  |2 snkbucl  |9 847768 
773 0 |x 1335-4698  |t Slovenská republika  |g Roč. 8, č. 27 (3.2.2000), s. 10 
787 0 8 |i Rec.:  |a Juščák, Peter, 1953-  |t Som Ťukot  |d Bratislava : Vydavateľstvo Spolku slovenských spisovateľov, 1999 
850 |a Slovenská národná knižnica v Martine 
852 |a SNK  |b KIS3GCP 
958 |a LX 
958 |a SK 
958 |a RBX 
999 |c 1447469  |d 1449399